000 00385nam a2200133Ia 4500
008 211109s9999||||xx |||||||||||||| ||und||
082 _a894.8121
_bKIT-K
100 _aKittunni Nayar,,
245 0 _aKathasarith Sagaram [poetry]
260 _bNATIONAL BOOKSTALL
_aKottayam
_c1900
630 _xGeneral Stack
650 _aMalayalam Literature
_vMalayalam Poetry
_xMalayalam
942 _cBOOK
999 _c1252
_d1252